| 000 | 01143nam0a22002651 4500 | ||
|---|---|---|---|
| 001 | rc\2814865 | ||
| 005 | 20250806211033.0 | ||
| 035 | _a(NLR Aleph) 006940643 | ||
| 090 |
_a38109 _c38109 |
||
| 100 | _a20110915d1945 u y0rusy50 ca | ||
| 101 | 0 | _arus | |
| 102 | _aRU | ||
| 105 | _aac z ||||| | ||
| 200 | 1 |
_aВведение в теорию ампер-весов _fПроф. Л. В. Залуцкий _gКом-т по делам мер и измерит. приборов при СНК СССР. Всес. науч.-иссл. ин-т метрологии |
|
| 210 |
_a[Ленинград] _cЛениздат _d1945 _gтип. № 1 Упр. изд-в и полиграфии Исполкома Ленгорсовета |
||
| 215 |
_a102 с., 1 л. портр. _cчерт. _d21 см. |
||
| 320 | _aБиблиогр.: стр. 101 (21 назв.) | ||
| 700 | 1 |
_aЗалуцкий _bЛ.В. _f1877- _gЛеонид Васильевич |
|
| 801 | 0 |
_aRU _bNLR _gpsbo |
|
| 801 | 1 |
_aRU _bELAR _2rusmarc |
|
| 852 |
_aNLR _jФз02 Г-4/54 |
||
| 942 | _cBOOK | ||
| 945 | _aРоссийская национальная библиотека | ||
| 980 | _aNB | ||
| 980 | _aBV | ||